000 00289nam a22001337a 4500
008 181016b xxu||||| |||| 00| 0 eng d
020 _a9780813120515
041 _aeng
080 _a701
100 _a44
101 _aART
245 _aThe Tennessee Valley
_cKollar,R
942 _2udc
_cBK
999 _c49808
_d49808